Principles of communication Engineering / (Record no. 102201)

MARC details
000 -LEADER
fixed length control field 01032nam a22002537a 4500
005 - DATE AND TIME OF LATEST TRANSACTION
control field 20181205151010.0
010 ## - LCCN (DPL NO)
LC control number 1617EN ENG-117551
020 ## - INTERNATIONAL STANDARD BOOK NUMBER
Terms of availability 400.00
International Standard Book Number 9788121904766
035 ## - SYSTEM CONTROL NUMBER
System control number B-654477-487
035 ## - SYSTEM CONTROL NUMBER
System control number B-667885
035 ## - SYSTEM CONTROL NUMBER
System control number EN-101083
037 ## - SOURCE OF ACQUISITION
Stock number dpl
Source of stock number/acquisition Techniz
082 ## - DEWEY DECIMAL CLASSIFICATION NUMBER
Classification number 621.38
Item number ANO
100 ## - MAIN ENTRY--PERSONAL NAME
Personal name Anokh Singh
245 ## - TITLE STATEMENT
Title Principles of communication Engineering /
Statement of responsibility, etc by Anokh Singh [and] A. K. Chhabra
260 ## - PUBLICATION, DISTRIBUTION, ETC. (IMPRINT)
Place of publication, distribution, etc New Delhi
Name of publisher, distributor, etc S.Chand
Date of publication, distribution, etc 2014
270 ## - ADDRESS
Address 7361.Ram Nagar
City Delhi
Postal code 110002
300 ## - PHYSICAL DESCRIPTION
Extent 662 p :
Dimensions 27cm(pbk)
Other physical details ill
500 ## - GENERAL NOTE
General note includes index
700 ## - ADDED ENTRY--PERSONAL NAME
Personal name Chhabra A.K.
942 ## - ADDED ENTRY ELEMENTS (KOHA)
Source of classification or shelving scheme Dewey Decimal Classification
Item type English Books
Classification part 621.38
Call number suffix ANO
Holdings
Withdrawn status Lost status Not for loan Collection code Home library Current library Date acquired Source of acquisition Cost, normal purchase price Full call number Barcode Copy number Cost, replacement price Koha item type
      Non-fiction Ashok Vihar Ashok Vihar 07/07/2017 BPPD/EN/2016-17/AV/16-17/472/15.02.2017/TZ17430/24.02.2017/18.03.2017 400.00 621.38 ANO B-667885 1 400.00 English Books
      Non-fiction Bawana Bawana 21/02/2017 BPPD/EN/2016-17/306/24.11.2016/TZ16932/5.12.2016/4.1.2017 400.00 621.38 ANO B-654485 1 400.00 English Books
    Not For Loan Non-fiction D.B.Act.Division Bawana 20/03/2017 DBAD/PUB 400.00 621.38 ANO EN-101083 1 400.00 English Books
      Non-fiction Central Library Central Library 21/02/2017 BPPD/EN/2016-17/306/24.11.2016/TZ16932/5.12.2016/4.1.2017 400.00 621.38 ANO B-654477 1 400.00 English Books
      Non-fiction Janak Puri Janak Puri 21/02/2017 BPPD/EN/2016-17/306/24.11.2016/TZ16932/5.12.2016/4.1.2017 400.00 621.38 ANO B-654481 1 400.00 English Books
      Non-fiction Karol Bagh Karol Bagh 21/02/2017 BPPD/EN/2016-17/306/24.11.2016/TZ16932/5.12.2016/4.1.2017 400.00 621.38 ANO B-654483 1 400.00 English Books
      Non-fiction Kasturba Gandhi Marg Kasturba Gandhi Marg 21/02/2017 BPPD/EN/2016-17/306/24.11.2016/TZ16932/5.12.2016/4.1.2017 400.00 621.38 ANO B-654480 1 400.00 English Books
      Non-fiction Narela Narela 21/02/2017 BPPD/EN/2016-17/306/24.11.2016/TZ16932/5.12.2016/4.1.2017 400.00 621.38 ANO B-654484 1 400.00 English Books
      Non-fiction New Police Line New Police Line 21/02/2017 BPPD/EN/2016-17/306/24.11.2016/TZ16932/5.12.2016/4.1.2017 400.00 621.38 ANO B-654478 1 400.00 English Books
      Non-fiction Patel Nagar Patel Nagar 21/02/2017 BPPD/EN/2016-17/306/24.11.2016/TZ16932/5.12.2016/4.1.2017 400.00 621.38 ANO B-654479 1 400.00 English Books
      Non-fiction Sarojini Nagar Sarojini Nagar 21/02/2017 BPPD/EN/2016-17/306/24.11.2016/TZ16932/5.12.2016/4.1.2017 400.00 621.38 ANO B-654482 1 400.00 English Books
      Non-fiction Shahdara Branch Shahdara Branch 21/02/2017 BPPD/EN/2016-17/306/24.11.2016/TZ16932/5.12.2016/4.1.2017 400.00 621.38 ANO B-654486 1 400.00 English Books
      Non-fiction Yojana Vihar Yojana Vihar 21/02/2017 BPPD/EN/2016-17/306/24.11.2016/TZ16932/5.12.2016/4.1.2017 400.00 621.38 ANO B-654487 1 400.00 English Books

© Delhi Public Library
Hit Counter
free hit counter